00674 2200253 4500001002100000005001500021035002000036007000300056008004100059020002200100082001000122084001600132100002100148245006800169250001400237260005700251300002400308650001800332990001400350990001400364990001400378990001400392990001400406INLIS00000000000666520250523081930 a0010-0525000052ta250523 0 ind  a978-979-96138-9-9 a615.1 a615.1 Suh i1 aSuharno, Bambang1 aIndeks Obat Hewan Indonesia :bEdisi XI 2017 /cBambang Suharno aCetakan 1 aJakarta: :bPT. Gallus Indonesia Utama (GITA),c2017 a813 hlm ;c20,5 cm. 4aObat - Obatan a5599/2025 a5599/2025 a5599/2025 a5599/2025 a5599/2025